Central Library OPAC University of Rajshahi

Forms in Plato's later dialogues / (Record no. 30778)

MARC details
000 -LEADER
fixed length control field 00570nam a2200217 4500
001 - CONTROL NUMBER
control field 30778
003 - CONTROL NUMBER IDENTIFIER
rucl marc code BD-RjUL
005 - DATE AND TIME OF LATEST TRANSACTION
control field 20211209051621.0
008 - FIXED-LENGTH DATA ELEMENTS--GENERAL INFORMATION
fixed length control field 140412s1965 ne 00000 eng d
035 ## - SYSTEM CONTROL NUMBER
System control number (BD-RjUL)30865
System control number (BD-RjUL)
040 ## - CATALOGING SOURCE
Original cataloging agency BD-RjUL
Language of cataloging eng
Transcribing agency BD-RjUL
041 ## - LANGUAGE CODE
Language code of text/sound track or separate title eng
082 ## - DEWEY DECIMAL CLASSIFICATION NUMBER
Classification number 184
Author mark and year SCF 1965
100 10 - MAIN ENTRY--PERSONAL NAME
Personal name Schipper, Edith Watson.
9 (RLIN) 93534
245 10 - TITLE STATEMENT
Title Forms in Plato's later dialogues /
Statement of responsibility, etc. Edith Watson Schipper.
260 0# - PUBLICATION, DISTRIBUTION, ETC. (IMPRINT)
Place of publication, distribution, etc. The Hague :
Name of publisher, distributor, etc. Nijhoff,
Date of publication, distribution, etc. 1965.
300 ## - PHYSICAL DESCRIPTION
Pagination 77 p.
Size 24cm.
600 00 - SUBJECT ADDED ENTRY--PERSONAL NAME
Personal name Plato.
942 ## - ADDED ENTRY ELEMENTS (KOHA)
Source of classification or shelving scheme Dewey Decimal Classification
Koha item type Books
Holdings
Lost status Source of classification or shelving scheme Damaged status Not for loan Collection code Permanent Location Current Location Shelving location Date acquired Source of acquisition Cost, normal purchase price Total Checkouts Full call number Date last seen Copy number Koha item type
  Dewey Decimal Classification   Not For Loan Non-fiction Central Library, University of Rajshahi Central Library, University of Rajshahi Reading Room 27/12/1968 Zeitlinger 26.60   184 SCF 1965 12/04/2014 C-1 Books